| 000 | 00773nam a22002537a 4500 | ||
|---|---|---|---|
| 001 | 36501 | ||
| 003 | UA-OsUOA | ||
| 005 | 20230217121852.0 | ||
| 007 | ta | ||
| 008 | 20060130b un ||||| |||| 00| 0 ukr d | ||
| 020 | _a9665750720 | ||
| 040 |
_aUA-OsUOA _bukr _cUA-OsUOA _dUA-OsUOA |
||
| 041 | _aukr | ||
| 080 | _a726.1(477.82) | ||
| 090 |
_a726.1(477.82) _bГ59 |
||
| 100 | _aГодованюк О. М. | ||
| 245 |
_aМонастирі та храми Волинського краю _cО. М. Годованюк |
||
| 260 |
_aК. _bТехніка _c2004 |
||
| 300 |
_a170 с. _bіл. ; Бібліогр.: С. 170–173 |
||
| 490 | _aНаціональні святині України | ||
| 650 | 7 |
_a72 Архітектура _2UDC |
|
| 942 |
_cBK _2udc |
||
| 955 | _a2 | ||
| 999 |
_c322742 _d322742 |
||